Devocionario mexicano (Record no. 493)

MARC details
000 -CABECERA
campo de control de longitud fija 00770nam a2200193 a 4500
001 - NÚMERO DE CONTROL
campo de control BRCA_562
005 - FECHA Y HORA DE LA ÚLTIMA TRANSACCIÓN
campo de control 20190320203050.0
008 - DATOS DE LONGITUD FIJA--INFORMACIÓN GENERAL
campo de control de longitud fija 981230s1998 mx-a---##b---#000-0#spa-d
040 ## - FUENTE DE LA CATALOGACIÓN
Centro catalogador/agencia de origen DLC
Centro/agencia transcriptor DLC
050 #4 - SIGNATURA TOPOGRÁFICA DE LA BIBLIOTECA DEL CONGRESO
Número de clasificación NE958.3.M4
Número de documento/Ítem .D48 1998
245 10 - MENCIÓN DE TÍTULO
Título Devocionario mexicano
Resto del título pequeños grabados novohispanos.
260 ## - PUBLICACIÓN, DISTRIBUCIÓN, ETC.
Lugar de publicación, distribución, etc. México
Nombre del editor, distribuidor, etc. Backal
Fecha de publicación, distribución, etc. 1998
300 ## - DESCRIPCIÓN FÍSICA
Extensión 163 p.
Otras características físicas il.
Dimensiones 27 cm.
Material acompañante/anejo 1 invitación
500 ## - NOTA GENERAL
Nota general Catálogo de la exposición realizada en la Pinacoteca Virreinal de San Diego (Ciudad de México), 18 junio - 18 agosto, 1998
504 ## - NOTA DE BIBLIOGRAFÍA, ETC.
Nota de bibliografía, etc. Incluye referencias bibliográficas
650 14 - PUNTO DE ACCESO ADICIONAL DE MATERIA--TÉRMINO DE MATERIA
Término de materia o nombre geográfico como elemento de entrada Tarjetas santas
Subdivisión de forma Exposiciones
Subdivisión cronológica Época colonial, 1521-1821
Subdivisión geográfica México
9 (RLIN) 1942
650 14 - PUNTO DE ACCESO ADICIONAL DE MATERIA--TÉRMINO DE MATERIA
Término de materia o nombre geográfico como elemento de entrada Impresiones mexicanas
Subdivisión de forma Exposiciones
Subdivisión cronológica Época colonial, 1521-1821
9 (RLIN) 1943
942 ## - ELEMENTOS DE PUNTO DE ACCESO ADICIONAL (KOHA)
Fuente del sistema de clasificación o colocación Library of Congress Classification
Tipo de ítem Koha Libros
Holdings
Estado de retiro Estado de pérdida Estado dañado No para préstamo Localización permanente Ubicación/localización actual Fecha de adquisición Total de préstamos Signatura topográfica completa Código de barras Fecha visto por última vez Precio válido a partir de Tipo de ítem Koha
El ejemplar forma parte de la colección y puede ser consultado según las políticas vigentes.       Biblioteca del Museo Franz Mayer (Rogerio Casas-Alatriste) Biblioteca del Museo Franz Mayer (Rogerio Casas-Alatriste) 25/06/2008   NE958.3.M4 .D48 1998 00877 22/03/2019 22/03/2019 Libros